Blueprint reading (Record no. 36002)

MARC details
000 -LEADER
fixed length control field 00539nam a2200145 a 4500
008 - FIXED-LENGTH DATA ELEMENTS--GENERAL INFORMATION
fixed length control field 120416s1961 ||||||||||||||||| || u
050 ## - LIBRARY OF CONGRESS CALL NUMBER
Classification number T 379 Hor
100 ## - MAIN ENTRY--PERSONAL NAME
Personal name Hornung, William J
245 10 - TITLE STATEMENT
Title Blueprint reading
246 ## - VARYING FORM OF TITLE
Title proper/short title interpretation of architectural working drawings
260 ## - PUBLICATION, DISTRIBUTION, ETC.
Place of publication, distribution, etc. Englewood Cliffs
Name of publisher, distributor, etc. FT Prentice-Hall
Date of publication, distribution, etc. 1961
300 ## - PHYSICAL DESCRIPTION
Extent ix, 131p. : ill.
350 ## - PRICE (NR) (BK AM CF MU VM SE) [OBSOLETE]
Price 0.00
995 ## - RECOMMENDATION 995 [LOCAL, UNIMARC FRANCE]
-- 0.00
-- CBU-MAIN LIBRARY (Kitwe)
-- 1
-- 7.75
-- 1
-- AVAILABLE
-- Main Library Open Access Collection
Holdings
Withdrawn status Lost status Source of classification or shelving scheme Damaged status Not for loan Home library Current library Shelving location Date acquired Total Checkouts Full call number Barcode Date last seen Date last checked out Price effective from Koha item type
          CBU-MAIN LIBRARY, KITWE. CBU-MAIN LIBRARY, KITWE.   11/30/2022 1 T 379 Hor 013737 01/07/2026 01/14/2025 11/30/2022 MONOGRAPH